| 000 | 00813 a2200205 4500 | ||
|---|---|---|---|
| 001 | 33039 | ||
| 005 | 20260407155625.0 | ||
| 008 | 260407a1967 arg spa d | ||
| 003 | AR-UNSa-BCEJYS | ||
| 040 |
_aAR-UNSa-BCEJYS _bspa _cAR-UNSa-BCEJYS |
||
| 080 |
_a323.37 _xFuncionarios (burocracia) |
||
| 245 | 1 | 0 |
_aLa ley de Parkinson _potros ensayos |
| 250 | _a8a. ed. | ||
| 264 | 1 |
_aBarcelona : _bAriel _c1967 |
|
| 300 |
_a158 p. _c23 cm. |
||
| 505 | _a1. La ley de parkinson - 2. La voluntad del pueblo - 3. Altas finanzas - 4. Directores y consejeros - 5. La lista restingida - 6. Plantas y realizaciones - 7. Criba de personalidades - 8. La incelositis - 9. Del bohío al packard - 10. El quid de la cesantía. | ||
| 942 | _cBK | ||
| 590 | _aniveau_biblio:m niveau_hierar:0 | ||
| 100 | 1 | _aParkinson, C. Northcote | |
| 999 |
_c2324 _d2324 |
||